| 000 | 01160nam a22003257a 4500 | ||
|---|---|---|---|
| 003 | CHAP | ||
| 005 | 20220329135616.0 | ||
| 008 | 971013s1995 r 00010 d | ||
| 010 | _a39236 | ||
| 011 | _a40208 | ||
| 035 | _a44333 | ||
| 040 | _cCHAP | ||
| 090 | _aTesis | ||
| 100 | 0 | 0 |
_aMápula Larreta, Manuel. _976289 |
| 245 | _aPruebas de germinación y evaluación del crecimiento inicial de Pseudotsuga macrolepis Flous en Chapingo, Méx. | ||
| 260 |
_aChapingo, Méx. : _bEl autor, _c1995 |
||
| 300 |
_a91 h. _b: ilus. ; gráfs |
||
| 502 | _aTesis (Ing. Forestal con Orientación en Silvicultura) -- UACH. División de Ciencias Forestales | ||
| 590 |
_aALEPH _b10 _c20130110 _lUCH01 _h1306 |
||
| 590 |
_aBATCH-UPD _b10 _c20130110 _lUCH01 _h1806 |
||
| 590 |
_aBATCH-UPD _b10 _c20130410 _lUCH01 _h1141 |
||
| 590 |
_aBATCH-UPD _b10 _c20130914 _lUCH01 _h1944 |
||
| 590 |
_aCONVERSION _b10 _c20130109 _lUCH01 _h1322 |
||
| 650 | 1 | 4 |
_aPseudotsuga macrolepis. _992590 |
| 650 | 1 | 4 |
_aSemillas forestales. _9103935 |
| 901 | _aBK | ||
| 942 | _cFOLL | ||
| 949 |
_bBC _cTES _d-101586 _eTS1 _h27543 _i44333 _si |
||
| 949 |
_bBC _cTES _d33724000934659 _eTS2 _fc.2 _h27544 _i44333 _si |
||
| 999 |
_c39236 _d39236 |
||